U.S. States with Moose - Statistics

General Stats
  • This quiz has been taken 687 times
  • The average score is 17 of 19
Answer Stats
States % Correct
Maine
96%
Montana
96%
Washington
96%
Idaho
94%
Oregon
94%
Vermont
94%
Minnesota
93%
North Dakota
93%
Alaska
92%
Michigan
92%
New York
92%
New Hampshire
91%
Wyoming
87%
Wisconsin
85%
Colorado
83%
Massachusetts
80%
Utah
77%
Connecticut
74%
Nevada
64%
No matching quizzes found
Score Distribution
Percent of People with Each Score
Percentile by Number Answered
Your Score History
You have not taken this quiz